000 002660000a22001090004500
090 _aAS
_bSeriadas
245 1 0 _aHaloragaceae
041 0 _aEspaƱol
100 1 _aMora Osejo, Luis Eduardo
_912168
942 _cARTICULO
773 1 _tFlora de Colombia
_3847
_h3
_q5-173
_d1984
999 _c15231
_d15231